[Event "San Sebastian op 42nd"]
[Site "San Sebastian"]
[Date "2019.04.16"]
[Round "5"]
[White "Manelidou, Maria"]
[Black "Safranska, Anda"]
[Result "0-1"]
[WhiteElo "2072"]
[BlackElo "2167"]
[PlyCount "98"]
[EventDate "2019.04.13"]
[EventType "swiss"]
[EventRounds "9"]
[EventCountry "ESP"]
[SourceTitle "CBM 189 Extra"]
[Source "ChessBase"]
[SourceDate "2019.06.03"]
[SourceVersion "1"]
[SourceVersionDate "2019.06.03"]
[SourceQuality "1"]

1. e4 Nc6 2. d4 d5 3. e5 Bf5 4. c3 e6 5. Bd3 Nge7 6. Ne2 f6 7. exf6 gxf6 8. Bxf5 Nxf5 9. Ng3 Nd6 10. Qh5+ Kd7 11. 0-0 Qe7 12. Bf4 Rd8 13. Nd2 Kc8 14. Rfe1 Qd7 15. Re2 Re8 16. Rae1 Nd8 17. Ndf1 Re7 18. Ne3 Rf7 19. Ng4 Rg8 20. Nh6 Bxh6 21. Qxh6 Rg6 22. Qh3 b6 23. f3 Kb7 24. Nh5 Nf5 25. Bc1 e5 26. dxe5 fxe5 27. Rxe5 Nc6 28. R5e2 Nfd4 29. Qxd7 Nxe2+ 30. Rxe2 Rxd7 31. Be3 d4 32. Bxd4 Nxd4 33. cxd4 Rxd4 34. g4 Kc6 35. h3 Kd7 36. f4 Re6 37. Kf2 Rd3 38. h4 Rh3 39. Rd2+ Ke7 40. Kg2 Rxh4 41. Kg3 Rh1 42. f5 Rd6 43. Re2+ Kf7 44. f6 Rd7 45. Kf4 h6 46. Ke5 Rhd1 47. Rh2 R7d2 48. Rh3 Re2+ 49. Kf5 Rf1+ 0-1

[Event "GRE-chT 46th"]
[Site "Rio Achaia"]
[Date "2018.07.11"]
[Round "3.16"]
[White "Prokopiou, Ekaterini"]
[Black "Manelidou, Maria"]
[Result "1/2-1/2"]
[WhiteElo "1661"]
[BlackElo "2078"]
[PlyCount "104"]
[EventDate "2018.07.10"]
[EventType "team"]
[EventRounds "7"]
[EventCountry "GRE"]
[SourceTitle "CBM 185 Extra"]
[Source "ChessBase"]
[SourceDate "2018.07.29"]
[SourceVersion "1"]
[SourceVersionDate "2018.07.29"]
[SourceQuality "1"]
[WhiteTeam "Ioannites Skakiston"]
[BlackTeam "Kavalas OFS"]
[WhiteTeamCountry "GRE"]
[BlackTeamCountry "GRE"]

1. d4 d5 2. c4 c6 3. cxd5 cxd5 4. Nc3 Nf6 5. Bf4 Nc6 6. e3 a6 7. Bd3 e6 8. Rc1 Bd6 9. Bxd6 Qxd6 10. f4 Bd7 11. Nf3 Ng4 12. Qd2 f5 13. 0-0 0-0 14. Ne5 Ngxe5 15. fxe5 Qb4 16. a3 Qb3 17. Ne2 Rac8 18. Rc3 Qb6 19. b4 Ne7 20. Rfc1 Bb5 21. Nf4 Bxd3 22. Nxd3 Rxc3 23. Rxc3 Kf7 24. Nc5 Rc8 25. Qe2 g6 26. Qe1 g5 27. h4 h6 28. hxg5 hxg5 29. Qg3 Kg6 30. Qh3 Qb5 31. e4 dxe4 32. Nxe4 Rxc3 33. Nxc3 Qc4 34. Qe3 Nd5 35. Nxd5 Qxd5 36. Qc3 g4 37. Kh2 f4 38. Qc2+ Kg5 39. Qh7 Qxd4 40. Qg7+ Kf5 41. Qf6+ Ke4 42. Qxe6 g3+ 43. Kh3 Qxe5 44. Qc4+ Kf5 45. Qf7+ Ke4 46. Qc4+ Ke3 47. Qb3+ Kd4 48. Qd1+ Ke4 49. Qc2+ Ke3 50. Qb3+ Ke4 51. Qc2+ Ke3 52. Qb3+ Kd4 1/2-1/2

[Event "BCF-chT3S 1617 (4NCL) Promotion pool"]
[Site "England"]
[Date "2017.04.30"]
[Round "10.16"]
[White "Myall, Ivan J"]
[Black "Manelidou, Maria"]
[Result "1-0"]
[WhiteElo "2057"]
[BlackElo "2109"]
[PlyCount "187"]
[EventDate "2016.11.26"]
[EventType "team-tourn"]
[EventRounds "11"]
[EventCountry "ENG"]
[SourceTitle "EXT 2019"]
[Source "ChessBase"]
[SourceDate "2018.10.10"]
[SourceVersion "1"]
[SourceVersionDate "2018.10.10"]
[SourceQuality "1"]
[WhiteTeam "Anglian Avengers II"]
[BlackTeam "Wood Green"]
[WhiteTeamCountry "ENG"]
[BlackTeamCountry "ENG"]

1. e4 e5 2. Nc3 Nf6 3. Bc4 Nxe4 4. Qh5 Nd6 5. Bb3 Be7 6. Qxe5 0-0 7. d4 b5 8. Nge2 Nc6 9. Qf4 Na5 10. Bd5 c6 11. Bf3 b4 12. Ne4 Nxe4 13. Qxe4 d5 14. Qd3 Nc4 15. b3 Nd6 16. Ng3 a5 17. Be3 f5 18. Ne2 Ba6 19. Qd1 Ne4 20. Bxe4 dxe4 21. Nf4 Qd6 22. h4 Bf6 23. Nh5 c5 24. Nxf6+ Qxf6 25. Bg5 Qxd4 26. Qxd4 cxd4 27. 0-0-0 d3 28. cxd3 Bxd3 29. Kb2 h6 30. Bf4 Rf6 31. a4 bxa3+ 32. Kxa3 Ra7 33. Rc1 Rb7 34. Bc7 Rb5 35. Rc3 f4 36. Rhc1 Rff5 37. g4 fxg3 38. Bxg3 Kh7 39. Rc7 Be2 40. R1c3 Bd1 41. Re7 Rf3 42. Rxf3 exf3 43. Be5 Rxb3+ 44. Ka2 Kg6 45. Rxg7+ Kf5 46. Bg3 Rb6 47. Rf7+ Ke4 48. Rd7 Bb3+ 49. Ka3 Bc2 50. Re7+ Kd4 51. Rd7+ Kc4 52. Rc7+ Kd3 53. Rd7+ Ke2 54. Re7+ Kf1 55. Re3 Kg2 56. Rc3 Bd1 57. Rc1 Bb3 58. Rc5 a4 59. h5 Re6 60. Rc7 Rf6 61. Rc5 Kh3 62. Rc1 Rf5 63. Rh1+ Kg2 64. Rh2+ Kg1 65. Rh3 Rb5 66. Rh4 Rg5 67. Bf4 Rg2 68. Be3 Kf1 69. Rf4 Ke2 70. Rf6 Rg1 71. Rxh6 Ra1+ 72. Kb4 Bc2 73. Ra6 Rb1+ 74. Kc3 Bb3 75. h6 Rh1 76. Ra7 Rh4 77. h7 Rc4+ 78. Kb2 Rc8 79. Bd4 Bd1 80. h8Q Rxh8 81. Bxh8 Kxf2 82. Kc1 Bb3 83. Kd2 Kg3 84. Rg7+ Kf4 85. Ke1 Ke3 86. Re7+ Kd3 87. Kf2 Bd1 88. Re3+ Kc2 89. Bd4 Kb1 90. Bc5 Kb2 91. Ke1 Bb3 92. Rxf3 a3 93. Rf2+ Bc2 94. Bxa3+ 1-0

[Event "BCF-chT3S 1617 (4NCL) Promotion pool"]
[Site "England"]
[Date "2017.04.29"]
[Round "9.16"]
[White "Manelidou, Maria"]
[Black "Harvey, John N"]
[Result "1-0"]
[WhiteElo "2109"]
[BlackElo "1727"]
[PlyCount "85"]
[EventDate "2016.11.26"]
[EventType "team-tourn"]
[EventRounds "11"]
[EventCountry "ENG"]
[SourceTitle "EXT 2019"]
[Source "ChessBase"]
[SourceDate "2018.10.10"]
[SourceVersion "1"]
[SourceVersionDate "2018.10.10"]
[SourceQuality "1"]
[WhiteTeam "Wood Green"]
[BlackTeam "Leeds University Old Boys"]
[WhiteTeamCountry "ENG"]
[BlackTeamCountry "ENG"]

1. e4 e6 2. d4 d5 3. Nd2 dxe4 4. Nxe4 Nd7 5. Nf3 Ngf6 6. Nxf6+ Nxf6 7. Bd3 c5 8. 0-0 cxd4 9. Nxd4 Be7 10. c3 0-0 11. Bg5 Nd5 12. Bxe7 Qxe7 13. Re1 b6 14. Bxh7+ Kxh7 15. Qh5+ Kg8 16. Qxd5 Bb7 17. Qh5 Rad8 18. Re3 g6 19. Qe5 Qd6 20. Qf6 Qd5 21. f3 Rd6 22. Re4 e5 23. Qxe5 Qxe5 24. Rxe5 Rfd8 25. Kf2 Kg7 26. Rae1 Kf6 27. g4 a6 28. h4 b5 29. a3 Bd5 30. g5+ Kg7 31. h5 R6d7 32. h6+ Kh7 33. f4 Bc4 34. Re8 Rxe8 35. Rxe8 a5 36. Re5 Kg8 37. b3 Bd5 38. Re8+ Kh7 39. Rb8 b4 40. axb4 Bxb3 41. Nxb3 a4 42. Nc5 Ra7 43. Rb5 1-0

[Event "BCF-chT3Sa 1617 (4NCL)"]
[Site "England"]
[Date "2017.01.14"]
[Round "3.23"]
[White "Manelidou, Maria"]
[Black "Seymour, Timothy P"]
[Result "1/2-1/2"]
[WhiteElo "2078"]
[BlackElo "2080"]
[PlyCount "80"]
[EventDate "2016.11.26"]
[EventType "team-tourn"]
[EventRounds "11"]
[EventCountry "ENG"]
[SourceTitle "EXT 2019"]
[Source "ChessBase"]
[SourceDate "2018.10.10"]
[SourceVersion "1"]
[SourceVersionDate "2018.10.10"]
[SourceQuality "1"]
[WhiteTeam "Wood Green"]
[BlackTeam "Surbiton"]
[WhiteTeamCountry "ENG"]
[BlackTeamCountry "ENG"]

1. e4 e5 2. Nf3 Nc6 3. d4 exd4 4. Nxd4 Nf6 5. Nc3 Bb4 6. Nxc6 bxc6 7. Bd3 d6 8. h3 Nd7 9. 0-0 Ne5 10. Be3 Be6 11. f4 Nc4 12. Bxc4 Bxc4 13. Rf3 Bxc3 14. bxc3 0-0 15. Qd4 Ba6 16. Rg3 f6 17. Qa4 Bb5 18. Qb3+ Kh8 19. c4 Ba6 20. Rd1 c5 21. e5 Qe7 22. Qa4 fxe5 23. Bxc5 exf4 24. Rgd3 Bb7 25. Bf2 Qg5 26. g4 Rfe8 27. Qb5 Qxb5 28. cxb5 a6 29. b6 Be4 30. Rc3 cxb6 31. Rxd6 Rad8 32. Rxd8 Rxd8 33. Bxb6 Rd1+ 34. Kf2 h6 35. Ke2 Rh1 36. Bf2 Rc1 37. Kd2 Rf1 38. Ke2 Rc1 39. Kd2 Rf1 40. Ke2 Rc1 1/2-1/2

[Event "BCF-chT3Sc 1516 (4NCL)"]
[Site "England"]
[Date "2016.04.30"]
[Round "9.67"]
[White "Cooper, David M"]
[Black "Manelidou, Maria"]
[Result "1/2-1/2"]
[WhiteElo "2056"]
[BlackElo "2093"]
[PlyCount "37"]
[EventDate "2016.03.20"]
[EventType "team-swiss"]
[EventRounds "11"]
[EventCountry "ENG"]
[SourceTitle "EXT 2017"]
[Source "ChessBase"]
[SourceDate "2016.10.25"]
[SourceVersion "1"]
[SourceVersionDate "2016.10.25"]
[SourceQuality "1"]
[WhiteTeam "Warwicks Select II"]
[BlackTeam "Midland Monarchs"]
[WhiteTeamCountry "ENG"]
[BlackTeamCountry "ENG"]

1. e4 e5 2. Nf3 Nc6 3. d4 exd4 4. Nxd4 Nf6 5. Nxc6 bxc6 6. Bd3 d5 7. 0-0 Be7 8. e5 Nd7 9. f4 Bc5+ 10. Kh1 Qh4 11. Nd2 0-0 12. Nf3 Qh5 13. Qe2 Re8 14. Be3 Rb8 15. b3 f6 16. Bxc5 Nxc5 17. Qe3 Nxd3 18. cxd3 Bg4 19. Rae1 1/2-1/2

[Event "BCF-chT3Sa 1516 (4NCL)"]
[Site "England"]
[Date "2016.02.13"]
[Round "5.68"]
[White "Manelidou, Maria"]
[Black "Gostelow, David W"]
[Result "0-1"]
[WhiteElo "2093"]
[BlackElo "2072"]
[PlyCount "104"]
[EventDate "2015.11.14"]
[EventType "team-swiss"]
[EventRounds "7"]
[EventCountry "ENG"]
[SourceTitle "EXT 2017"]
[Source "ChessBase"]
[SourceDate "2016.10.25"]
[SourceVersion "1"]
[SourceVersionDate "2016.10.25"]
[SourceQuality "1"]
[WhiteTeam "Midland Monarchs"]
[BlackTeam "Shropshire"]
[WhiteTeamCountry "ENG"]
[BlackTeamCountry "ENG"]

1. e4 c5 2. Nf3 Nc6 3. d4 cxd4 4. Nxd4 e5 5. Nb5 a6 6. Nd6+ Bxd6 7. Qxd6 Qf6 8. Qxf6 Nxf6 9. Nc3 Nb4 10. Bd3 h6 11. Be3 Nxd3+ 12. cxd3 d5 13. exd5 Bf5 14. 0-0-0 Rc8 15. Kb1 0-0 16. Rhe1 Rfd8 17. Bb6 Rd6 18. Rxe5 Rxb6 19. Na4 Rb4 20. b3 Bg6 21. Kb2 Rd8 22. a3 Rd4 23. Nc5 R4xd5 24. Rxd5 Rxd5 25. d4 Ne4 26. Nxb7 Nxf2 27. Rd2 Ne4 28. Rd1 Rb5 29. Nd8 Rg5 30. g3 Rf5 31. a4 Rf2+ 32. Ka3 Rxh2 33. Nc6 Rh3 34. a5 Nc3 35. Rg1 Nb5+ 36. Kb4 Be4 37. Nb8 Nc7 38. Kc5 Rh2 39. Rc1 Rb2 40. b4 Ne6+ 41. Kc4 Nc7 42. Kc5 f5 43. Kd6 Nb5+ 44. Ke5 Rxb4 45. Nxa6 Rxd4 46. Rc5 Bd3 47. Rc8+ Kf7 48. Nc5 Be4 49. a6 g5 50. Nxe4 Rxe4+ 51. Kd5 Ra4 52. Rc6 Rxa6 0-1

[Event "BCF-chT3 1415 (4NCL)"]
[Site "England"]
[Date "2015.05.03"]
[Round "10.117"]
[White "Manelidou, Maria"]
[Black "Amato, Giampiero"]
[Result "1/2-1/2"]
[WhiteElo "2057"]
[BlackElo "1937"]
[PlyCount "99"]
[EventDate "2015.03.21"]
[EventType "team-swiss"]
[EventRounds "11"]
[EventCountry "ENG"]
[SourceTitle "EXT 2016"]
[Source "ChessBase"]
[SourceDate "2015.10.08"]
[SourceVersion "1"]
[SourceVersionDate "2015.10.08"]
[SourceQuality "1"]
[WhiteTeam "Midland Monarchs"]
[BlackTeam "BCM Rhinos II"]
[WhiteTeamCountry "ENG"]
[BlackTeamCountry "ENG"]

1. e4 e5 2. Nf3 Nf6 3. d4 Nxe4 4. Bd3 d5 5. dxe5 Nc5 6. Nc3 Be7 7. Nxd5 Nc6 8. Nxe7 Qxe7 9. 0-0 Nxd3 10. Qxd3 Bd7 11. Bg5 Qe6 12. Rad1 h6 13. Bh4 g5 14. Bg3 0-0-0 15. a3 Rhg8 16. Qe3 Qg6 17. b4 Kb8 18. b5 Ne7 19. e6 Bxe6 20. Bxc7+ Kxc7 21. Qc5+ Kb8 22. Rxd8+ Rxd8 23. Qxe7 Rc8 24. Nd4 Bc4 25. Re1 Qb6 26. Nf5 Be6 27. Ne3 Qxb5 28. h3 Qc5 29. Qf6 Qc3 30. Qxc3 Rxc3 31. Ra1 Kc7 32. Kf1 Kc6 33. Ke2 Rc5 34. Kd2 b6 35. c3 Kb5 36. Rb1+ Kc6 37. Nc2 Bd5 38. g3 Kd7 39. Rb4 Be6 40. h4 Rd5+ 41. Ke3 Re5+ 42. Kd2 Kc7 43. hxg5 hxg5 44. Nd4 Bd7 45. Rb1 Ra5 46. Ra1 Kd6 47. Kc2 Kd5 48. Kb2 Kd6 49. Rh1 Re5 50. Rh8 1/2-1/2

[Event "BCF-chT3 1415 (4NCL)"]
[Site "England"]
[Date "2015.05.02"]
[Round "9.99"]
[White "Anderson, Paul W"]
[Black "Manelidou, Maria"]
[Result "0-1"]
[WhiteElo "1876"]
[BlackElo "2057"]
[PlyCount "73"]
[EventDate "2015.03.21"]
[EventType "team-swiss"]
[EventRounds "11"]
[EventCountry "ENG"]
[SourceTitle "EXT 2016"]
[Source "ChessBase"]
[SourceDate "2015.10.08"]
[SourceVersion "1"]
[SourceVersionDate "2015.10.08"]
[SourceQuality "1"]
[WhiteTeam "Jorvik"]
[BlackTeam "Midland Monarchs"]
[WhiteTeamCountry "ENG"]
[BlackTeamCountry "ENG"]

1. c4 c6 2. Nc3 d5 3. cxd5 cxd5 4. d4 Nc6 5. g3 Nf6 6. Bg2 e6 7. e3 a6 8. Nf3 Bd6 9. 0-0 0-0 10. a3 Bd7 11. Re1 Rc8 12. b4 Nxb4 13. Bd2 Nd3 14. Re2 Nb2 15. Qb3 Nc4 16. Be1 b5 17. e4 Nxe4 18. Nxe4 dxe4 19. Rxe4 Bc6 20. Re2 Bd5 21. Ne5 Bxg2 22. Kxg2 Be7 23. Bc3 Qd5+ 24. Kg1 Rfd8 25. Rc2 Nxe5 26. Qxd5 Rxd5 27. dxe5 Rdc5 28. Bb4 Rxc2 29. Bxe7 Rc1+ 30. Rxc1 Rxc1+ 31. Kg2 a5 32. h4 Rc4 33. Kf1 b4 34. axb4 axb4 35. Ke1 b3 36. Ba3 Ra4 37. Bc5 0-1

[Event "BCF-chT3S 1415 (4NCL)"]
[Site "England"]
[Date "2015.02.14"]
[Round "5.99"]
[White "Buttell, David"]
[Black "Manelidou, Maria"]
[Result "1/2-1/2"]
[WhiteElo "1847"]
[BlackElo "2057"]
[PlyCount "46"]
[EventDate "2014.11.15"]
[EventType "team-swiss"]
[EventRounds "6"]
[EventCountry "ENG"]
[SourceTitle "EXT 2016"]
[Source "ChessBase"]
[SourceDate "2015.10.08"]
[SourceVersion "1"]
[SourceVersionDate "2015.10.08"]
[SourceQuality "1"]
[WhiteTeam "Celtic Tigers II"]
[BlackTeam "Midland Monarchs"]
[WhiteTeamCountry "ENG"]
[BlackTeamCountry "ENG"]

1. d4 d5 2. c4 c6 3. Nf3 Nf6 4. Nc3 e6 5. cxd5 cxd5 6. e3 Nc6 7. a3 Bd6 8. Bd3 a6 9. 0-0 0-0 10. e4 dxe4 11. Nxe4 Be7 12. Be3 Nd5 13. Qc2 f5 14. Nc3 Qd6 15. Nxd5 exd5 16. g3 f4 17. Bxh7+ Kh8 18. gxf4 Bh3 19. Ne5 Nxe5 20. fxe5 Qe6 21. Qg6 Qxg6+ 22. Bxg6 Bxf1 23. Rxf1 Rac8 1/2-1/2

[Event "Kavala op 23rd"]
[Site "Kavala"]
[Date "2014.08.05"]
[Round "5"]
[White "Dimic, Pavle"]
[Black "Manelidou, Maria"]
[Result "1/2-1/2"]
[WhiteElo "2198"]
[BlackElo "2090"]
[PlyCount "48"]
[EventDate "2014.08.02"]
[EventType "swiss"]
[EventRounds "9"]
[EventCountry "GRE"]
[SourceTitle "CBM 161 Extra"]
[Source "ChessBase"]
[SourceDate "2014.08.29"]
[SourceVersion "1"]
[SourceVersionDate "2014.08.29"]
[SourceQuality "1"]

1. d4 d5 2. Nf3 Nf6 3. c4 c6 4. e3 e6 5. Nc3 Nbd7 6. Bd3 dxc4 7. Bxc4 b5 8. Be2 Bb7 9. 0-0 Bd6 10. e4 e5 11. Qc2 0-0 12. Bg5 Qc7 13. dxe5 Bxe5 14. a3 Rfe8 15. Nxe5 Qxe5 16. Bxf6 Nxf6 17. f3 a5 18. Kh1 Nh5 19. Bd3 Nf4 20. Rfd1 Red8 21. Bf1 Qc5 22. Rxd8+ Rxd8 23. Rd1 Rd4 24. Rxd4 Qxd4 1/2-1/2

[Event "SRB Central-ch op-A 7th"]
[Site "Paracin"]
[Date "2014.07.09"]
[Round "7"]
[White "Manelidou, Maria"]
[Black "Bernard, Jacques"]
[Result "1/2-1/2"]
[WhiteElo "2071"]
[BlackElo "2198"]
[PlyCount "84"]
[EventDate "2014.07.04"]
[EventType "swiss"]
[EventRounds "9"]
[EventCountry "SRB"]
[SourceTitle "CBM 161 Extra"]
[Source "ChessBase"]
[SourceDate "2014.08.29"]
[SourceVersion "1"]
[SourceVersionDate "2014.08.29"]
[SourceQuality "1"]

1. e4 c5 2. Nf3 Nc6 3. Bb5 d6 4. c3 Nf6 5. Qe2 Bg4 6. 0-0 e6 7. Rd1 Be7 8. h3 Bh5 9. d4 cxd4 10. cxd4 d5 11. e5 Nd7 12. a3 Qb6 13. Be3 Bxf3 14. gxf3 Rc8 15. Nc3 a6 16. Bxc6 Rxc6 17. Kh1 Qb3 18. Rd3 Nb6 19. Rc1 0-0 20. Rg1 Rfc8 21. f4 g6 22. f3 Na4 23. Nxa4 Qxa4 24. Rg2 Rc2 25. Rd2 Rxd2 26. Qxd2 Qb3 27. Kh2 Rc4 28. Kg3 Bd8 29. h4 h5 30. f5 exf5 31. Bg5 Bb6 32. Bf6 Kh7 33. e6 fxe6 34. Be5 Bd8 35. Qe2 Rc6 36. Kh3 Rc1 37. Bh2 Qd1 38. Qxe6 Qxf3+ 39. Rg3 Qf1+ 40. Rg2 Qf3+ 41. Rg3 Qf1+ 42. Rg2 Qf3+ 1/2-1/2

[Event "SRB Central-ch op-A 7th"]
[Site "Paracin"]
[Date "2014.07.05"]
[Round "2"]
[White "Pantelic, Sasa"]
[Black "Manelidou, Maria"]
[Result "1-0"]
[WhiteElo "2312"]
[BlackElo "2071"]
[PlyCount "133"]
[EventDate "2014.07.04"]
[EventType "swiss"]
[EventRounds "9"]
[EventCountry "SRB"]
[SourceTitle "CBM 161 Extra"]
[Source "ChessBase"]
[SourceDate "2014.08.29"]
[SourceVersion "1"]
[SourceVersionDate "2014.08.29"]
[SourceQuality "1"]

1. d4 d5 2. c4 c6 3. cxd5 cxd5 4. Nc3 Nf6 5. Bf4 Nc6 6. e3 a6 7. Bd3 e6 8. Nf3 Bd6 9. Bg5 Bd7 10. 0-0 h6 11. Bh4 0-0 12. Rc1 Rc8 13. e4 dxe4 14. Nxe4 Be7 15. Nc5 Bxc5 16. dxc5 Nb4 17. Bb1 Bb5 18. Re1 Qxd1 19. Rexd1 Be2 20. Rd4 Nbd5 21. Ne5 Rfd8 22. f3 Bb5 23. Ng4 Bc6 24. Be4 Nf4 25. Nxf6+ gxf6 26. Bh7+ Kxh7 27. Rxf4 Rd2 28. Bxf6 Rc7 29. Rg4 h5 30. Rg5 Rd5 31. Be5 Rcd7 32. h4 Kh6 33. Kh2 f5 34. Bc3 f4 35. Re1 Rxg5 36. hxg5+ Kxg5 37. Re5+ Kf6 38. Rxh5+ Kg6 39. Re5 Bd5 40. a3 Rh7+ 41. Kg1 Rh5 42. Re1 Rf5 43. Kf2 Rh5 44. Be5 Rh4 45. Bd6 Kf5 46. b4 Kf6 47. a4 Bc6 48. Bc7 Kf7 49. Rd1 Kg6 50. Re1 Kf7 51. a5 Bd5 52. Rb1 Ke7 53. b5 axb5 54. Rxb5 Kd7 55. Bd6 Rh7 56. Rb4 Kc6 57. Rb6+ Kd7 58. Bxf4 Rh1 59. Rd6+ Ke7 60. a6 bxa6 61. Rxa6 Rb1 62. c6 Rb2+ 63. Kg3 Rc2 64. c7 Kd7 65. Rd6+ Kc8 66. Rd8+ Kb7 67. Rb8+ 1-0

[Event "SRB Central-ch op-A 7th"]
[Site "Paracin"]
[Date "2014.07.04"]
[Round "1"]
[White "Manelidou, Maria"]
[Black "Popovic, Aleksandar M"]
[Result "1/2-1/2"]
[WhiteElo "2071"]
[BlackElo "2323"]
[PlyCount "53"]
[EventDate "2014.07.04"]
[EventType "swiss"]
[EventRounds "9"]
[EventCountry "SRB"]
[SourceTitle "CBM 161 Extra"]
[Source "ChessBase"]
[SourceDate "2014.08.29"]
[SourceVersion "1"]
[SourceVersionDate "2014.08.29"]
[SourceQuality "1"]

1. e4 e5 2. Nf3 d6 3. d4 exd4 4. Nxd4 Nf6 5. Nc3 Be7 6. h3 0-0 7. Be2 Re8 8. 0-0 Bf8 9. Bg5 h6 10. Bxf6 Qxf6 11. Bf3 c6 12. a4 a5 13. Bg4 Nd7 14. Qd2 Nc5 15. Bxc8 Nxe4 16. Nxe4 Rxe4 17. Bxb7 Rxd4 18. Qc1 Rb8 19. Bxc6 Rdb4 20. b3 Rc8 21. Bb5 d5 22. Qd2 Rf4 23. g3 Rxf2 24. Rxf2 Qxa1+ 25. Kg2 Bc5 26. Rf1 Qd4 27. Qe2 1/2-1/2

[Event "GRE-chT 42nd"]
[Site "Porto Rio"]
[Date "2014.07.02"]
[Round "6.5"]
[White "Markantonaki, Haritomeni"]
[Black "Manelidou, Maria"]
[Result "1-0"]
[WhiteElo "2168"]
[BlackElo "2071"]
[PlyCount "75"]
[EventDate "2014.06.28"]
[EventType "team-swiss"]
[EventRounds "7"]
[EventCountry "GRE"]
[SourceTitle "CBM 161 Extra"]
[Source "ChessBase"]
[SourceDate "2014.08.29"]
[SourceVersion "1"]
[SourceVersionDate "2014.08.29"]
[SourceQuality "1"]
[WhiteTeam "Papagou DP"]
[BlackTeam "Irakleiou CN"]
[WhiteTeamCountry "GRE"]
[BlackTeamCountry "GRE"]

1. e4 e5 2. Nf3 Nc6 3. Bb5 a6 4. Ba4 Nf6 5. 0-0 Be7 6. Re1 b5 7. Bb3 0-0 8. h3 d6 9. c3 Bb7 10. d4 h6 11. Nbd2 Re8 12. Nf1 Bf8 13. Ng3 Na5 14. Bc2 c5 15. d5 g6 16. Nh2 Bg7 17. Rf1 Nc4 18. b3 Nb6 19. f4 exf4 20. Bxf4 c4 21. Kh1 cxb3 22. axb3 Rc8 23. Qf3 Kh7 24. h4 Ng8 25. Ne2 b4 26. c4 Bxa1 27. Rxa1 Rc7 28. h5 Kg7 29. hxg6 Qf6 30. Rc1 fxg6 31. Qg3 Bxd5 32. Be3 Nd7 33. exd5 Ne5 34. Rf1 Qe7 35. Nd4 Kh7 36. Ne6 Rb7 37. Bd4 Kh8 38. Bxg6 1-0

[Event "Zaragoza Casablanca op 7th"]
[Site "Zaragoza"]
[Date "2013.12.27"]
[Round "2"]
[White "Glavina, Pablo"]
[Black "Manelidou, Maria"]
[Result "1/2-1/2"]
[WhiteElo "2444"]
[BlackElo "2030"]
[PlyCount "100"]
[EventDate "2013.12.26"]
[EventType "swiss"]
[EventRounds "9"]
[EventCountry "ESP"]
[SourceTitle "EXT 2015"]
[Source "ChessBase"]
[SourceDate "2014.11.20"]
[SourceVersion "1"]
[SourceVersionDate "2014.11.20"]
[SourceQuality "1"]

1. e4 e5 2. Nf3 Nc6 3. Bc4 Bc5 4. c3 Nf6 5. d4 exd4 6. 0-0 d5 7. exd5 Nxd5 8. cxd4 Be7 9. Qb3 Be6 10. Nc3 Na5 11. Qa4+ Nc6 12. Bb5 0-0 13. Bxc6 Nb6 14. Qc2 bxc6 15. Rd1 Bf6 16. Bf4 Bg4 17. Qe4 Qd7 18. Be5 Rfe8 19. h3 Bf5 20. Qf4 Bd8 21. Qg3 f6 22. Bf4 Nd5 23. Nxd5 Qxd5 24. b3 Be7 25. Bxc7 Ba3 26. Re1 Bb2 27. Rxe8+ Rxe8 28. Rd1 c5 29. Qd6 Qxd6 30. Bxd6 cxd4 31. Nxd4 Bxd4 32. Rxd4 Re1+ 33. Kh2 Re2 34. Ra4 Rxf2 35. Kg1 Rd2 36. Bf4 Rb2 37. b4 Be4 38. g3 Bc6 39. Rxa7 Rxb4 40. Kf2 Ra4 41. Rxa4 Bxa4 42. Ke3 Kf7 43. Bd6 Bc6 44. Kd4 Bg2 45. h4 Ke6 46. Bf8 g6 47. a4 Kf5 48. a5 Kg4 49. Bd6 g5 50. hxg5 fxg5 1/2-1/2

[Event "Zaragoza Casablanca op 7th"]
[Site "Zaragoza"]
[Date "2013.12.27"]
[Round "3"]
[White "Manelidou, Maria"]
[Black "Kanmazalp, Ogulcan"]
[Result "0-1"]
[WhiteElo "2030"]
[BlackElo "2414"]
[PlyCount "62"]
[EventDate "2013.12.26"]
[EventType "swiss"]
[EventRounds "9"]
[EventCountry "ESP"]
[SourceTitle "EXT 2015"]
[Source "ChessBase"]
[SourceDate "2014.11.20"]
[SourceVersion "1"]
[SourceVersionDate "2014.11.20"]
[SourceQuality "1"]

1. e4 c5 2. Nf3 e6 3. c4 Nc6 4. Nc3 g5 5. h3 Bg7 6. d3 h6 7. Be3 Nd4 8. Bxd4 cxd4 9. Nb5 Qb6 10. Qb3 a6 11. Na3 Qa5+ 12. Ke2 Ne7 13. Rc1 Qc5 14. Qa4 b5 15. Nxb5 Qc6 16. Nc3 dxc3 17. Qxc6 Nxc6 18. bxc3 Rb8 19. Rc2 f5 20. Nd2 0-0 21. g3 fxe4 22. Nxe4 d5 23. Nd6 dxc4 24. Nxc4 Bb7 25. Rg1 Ne5 26. Nxe5 Bxe5 27. f4 Bg7 28. fxg5 Bf3+ 29. Ke3 Rb1 30. d4 hxg5 31. Rf2 g4 0-1

[Event "Barcelona Sant Marti op-A 15th"]
[Site "Barcelona"]
[Date "2013.07.20"]
[Round "8"]
[White "Manelidou, Maria"]
[Black "Tahay, Alexis"]
[Result "1-0"]
[WhiteElo "2030"]
[BlackElo "1944"]
[PlyCount "121"]
[EventDate "2013.07.13"]
[EventType "swiss"]
[EventRounds "9"]
[EventCountry "ESP"]
[SourceTitle "CBM 155 Extra"]
[Source "ChessBase"]
[SourceDate "2013.08.26"]
[SourceVersion "1"]
[SourceVersionDate "2013.08.26"]
[SourceQuality "1"]

1. e4 c5 2. Nf3 d6 3. d4 cxd4 4. Nxd4 Nf6 5. f3 Nc6 6. c4 e6 7. Nc3 Be7 8. Be3 0-0 9. Be2 a6 10. 0-0 Bd7 11. Qd2 Rc8 12. Rac1 Qc7 13. Rfd1 Rfe8 14. Bf1 Qb8 15. Kh1 Rcd8 16. Qf2 Rc8 17. b3 Bd8 18. g4 h6 19. Nde2 Nh7 20. Ng3 Bc7 21. Na4 b5 22. cxb5 axb5 23. Nb6 Bxb6 24. Bxb6 Ne5 25. Bd4 Rxc1 26. Rxc1 Rc8 27. Rd1 Nc6 28. Bb2 Be8 29. Qd2 Rd8 30. Be2 d5 31. Qc3 d4 32. Qc5 Qd6 33. Qxd6 Rxd6 34. Bxb5 e5 35. Nf5 Re6 36. Rc1 g6 37. Bxc6 gxf5 38. Bxe8 Rxe8 39. gxf5 Nf6 40. Rc6 Kg7 41. f4 Nxe4 42. fxe5 Nc3 43. Bxc3 dxc3 44. Rxc3 Rxe5 45. Rf3 Re2 46. a4 Ra2 47. f6+ Kg6 48. Kg1 Kg5 49. h3 Kh4 50. Kf1 h5 51. Ke1 Kg5 52. Kd1 h4 53. Ke1 Kh5 54. Rf2 Ra3 55. Rb2 Kg5 56. Kd2 Kxf6 57. Kc3 Ke5 58. Re2+ Kf4 59. Rf2+ Kg3 60. Rxf7 Kxh3 61. Rh7 1-0

[Event "Barcelona Sant Marti op-A 15th"]
[Site "Barcelona"]
[Date "2013.07.19"]
[Round "7"]
[White "Severri Arrese, Carlos"]
[Black "Manelidou, Maria"]
[Result "0-1"]
[WhiteElo "1905"]
[BlackElo "2030"]
[PlyCount "58"]
[EventDate "2013.07.13"]
[EventType "swiss"]
[EventRounds "9"]
[EventCountry "ESP"]
[SourceTitle "CBM 155 Extra"]
[Source "ChessBase"]
[SourceDate "2013.08.26"]
[SourceVersion "1"]
[SourceVersionDate "2013.08.26"]
[SourceQuality "1"]

1. d4 d5 2. e3 c6 3. c4 Nf6 4. Nc3 e6 5. Bd2 Nbd7 6. cxd5 exd5 7. Bd3 Bd6 8. g4 h6 9. Qf3 Qe7 10. Nge2 Nxg4 11. Ng3 Nde5 12. dxe5 Nxe5 13. Qe2 Bg4 14. Nf5 Qf6 15. Nxd6+ Qxd6 16. f4 Bxe2 17. fxe5 Qxe5 18. Nxe2 0-0-0 19. 0-0 f6 20. Nd4 Kb8 21. Rac1 Ka8 22. Rc3 a6 23. b4 Qd6 24. Rc5 Rhe8 25. Rfc1 Re5 26. Nf3 Rh5 27. Be1 Qe6 28. Bf2 Qg4+ 29. Kf1 Qxf3 0-1